|
|
|
|
| LEADER |
00838nam a22002772a 4500 |
| 001 |
001771716 |
| 003 |
CZ BrMZK |
| 005 |
20230817104925.0 |
| 007 |
ta |
| 008 |
201001s1977 xo er|||||||||||slo d |
| 040 |
|
|
|a ABA012
|b cze
|d BOA001
|
| 080 |
9 |
|
|a 001
|
| 080 |
9 |
|
|a 008
|
| 100 |
1 |
|
|a Katuščák, Dušan,
|d 1946-
|7 kup19940000047145
|4 aut
|
| 245 |
1 |
0 |
|a Veda a kultúra na Slovensku 1971 /
|c Dušan Katuščák
|
| 250 |
|
|
|a 1. vyd.
|
| 260 |
|
|
|a Martin:
|b Matica slovenská,
|c 1977
|
| 300 |
|
|
|a 646 s.
|
| 650 |
0 |
7 |
|a věda
|7 ph116676
|2 czenas
|
| 650 |
0 |
7 |
|a pedagogika
|7 ph115703
|2 czenas
|
| 650 |
0 |
7 |
|a bibliografie
|7 ph118867
|2 czenas
|
| 650 |
0 |
7 |
|a kultura
|7 ph122009
|2 czenas
|
| 910 |
|
|
|a BOA001
|b 3-0772.545
|
| 990 |
|
|
|a BK
|
| 991 |
|
|
|b 202010
|
| 996 |
7 |
|
|b 2618898296
|c 3-0772.545
|l MZK
|r Sklad / do 1 hodiny
|n 0
|w 001829544
|u 000010
|a 1
|e BOA001
|j MZK50
|s A
|